Rozvoj riadiacej práce v socialistických hodpodárskych organizáciách v priemysle pracovný variant kandidátskej dizertačnej práce

Salvato in:
Dettagli Bibliografici
Autore principale: Rudy, Ján
Ente Autore: Vysoká škola ekonomická v Bratislave. Fakulta ekonomiky a riadenia výrobných odvetví
Altri autori: Stračár, Vladislav
Natura: Libro
Lingua:slovacco
Pubblicazione: Bratislava VŠE 1985
Soggetti:
Tags: Aggiungi Tag
Nessun Tag, puoi essere il primo ad aggiungerne!!

MARC

LEADER 00000nam a2200000 4500
001 c124665
005 20230116083325.2
041 0 |a slo 
044 |a SK 
245 1 0 |a Rozvoj riadiacej práce v socialistických hodpodárskych organizáciách v priemysle  |b pracovný variant kandidátskej dizertačnej práce  |c Ján Rudy ; Škol. Vladislav Stračár 
264 1 |a Bratislava  |b VŠE  |c 1985 
300 |a 177 s. 
610 2 0 |a práca riadiaca 
610 2 0 |a organizácie hospodárske 
610 2 0 |a priemysel 
610 2 0 |a socializmus 
610 2 0 |a podnik priemyselný 
100 1 |a Rudy, Ján 
700 1 |a Stračár, Vladislav 
710 2 |a Vysoká škola ekonomická v Bratislave. Fakulta ekonomiky a riadenia výrobných odvetví